My lovely enemy

שמור ב:
מידע ביבליוגרפי
מחבר ראשי: Wiebe, Rudy
פורמט: ספר
שפה:English
יצא לאור: Toronto, Canadá Mc Clelalland and Stewart 1983
נושאים:
תגים: הוספת תג
אין תגיות, היה/י הראשונ/ה לתייג את הרשומה!

MARC

LEADER 00000nam a2200000Ia 4500
008 170316s9999 xx 000 0 eng d
040 |a cru BVZT 
090 |a 818 W-7m 
100 |a Wiebe, Rudy 
245 |a My lovely enemy 
260 |a Toronto, Canadá 
260 |b Mc Clelalland and Stewart 
260 |c 1983 
300 |a 262 páginas 
650 |a LITERATURA CANADIENSE 
999 |c 6688  |d 6688 
942 |c 15 D  |h 818 W-7m  |2 z